Представление документа в формате RUSMARC

ПолеНазваниеЗначение
  Тип записи a
  Библиографический уровень a
001 Контрольный номер RU/CBS_UL/BASE/bdf0798f88544bffa71e3311f5f6eb03
005 Дата корректировки 20250916160939.7
100 Данные общей обработки __
a Данные общей обработки 20250916 ||| 0rusy0189 ca
101 Язык документа 0_
a Язык текста rus
102 Страна публикации __
a Страна публикации RU
200 Заглавие и сведения об ответственности 1_
a Заглавие Болгария: не только море
e Сведения, относящиеся к заглавию [достопримечательности Болгарии]
f Первые сведения об ответственности О. Сидоряка
300 Общие примечания __
a Общие примечания 16+
461 Уровень набора _0
1 2000
a Кудесница
463 Уровень физической единицы _0
1 2000
a № 6
v С. 46-49 : фото
1 2101
d 2025
1 001RU/CBS_UL/BASE/a82323532e064ed7972398a544aa2de5
606 Тематические рубрики 0_
a Основная рубрика Болгария - Достопримечательности
y Географическая подрубрика Болгария
610 Ключевые слова 0_
a Ключевые слова путешествия по Болгарии
610 Ключевые слова 0_
a Ключевые слова достопримечательности Болгарии
610 Ключевые слова 0_
a Ключевые слова природа Болгарии
610 Ключевые слова 0_
a Ключевые слова мосты в Болгарии
610 Ключевые слова 0_
a Ключевые слова ракия
610 Ключевые слова 0_
a Ключевые слова города Болгарии
686 Индексы других классификаций __
2 Код системы rubbk
a Классификационный индекс 26.89(4Бол)
700 Автор _1
a Фамилия Сидоряка
b Имя (инициалы) О.
801 Источник записи _0
a Страна RU
b Организация МБУК ЦБС г. Ульяновска
c Дата составления 20250916
g Правила каталогизации RCR
801 Источник записи _1
a Страна RU
b Организация МБУК ЦБС г. Ульяновска
c Дата составления 20250916
g Правила каталогизации RCR
901 Тип документа __
t Тип документа b
w Контрольный № источника RU/CBS_UL/BASE/a82323532e064ed7972398a544aa2de5
909 Создатель записи __
a Создатель записи lib2